000 00509nam a2200181Ia 4500
005 20250508154653.0
008 008 250505s9999 xx 000 0 eng d
037 _aTextual
040 _aFEDL
_beng
_cFEDL
041 _aeng
_2eng
084 _a361.4, MAT
_qFEDL
100 _aMatthews Joan E.
_9765821
245 0 _aWorking with youth groups
260 _aLondon, UK
_bUniversity of London Press Limited
_c1966
300 _a160p.
942 _cTEXL
_h361.4, MAT
999 _c1351516
_d1351516